000 00466nam a22001695i 4500
001 54760
003 ES-MaACL
005 20230906163022.0
007 t|
008 960729s1871 fr ||||1| fre d
040 _aCAM
_bspa
_cCAM
100 1 _aGaboriau, Emile.
_953145
245 1 3 _aLa clique dorée /
_cpor Emile Gaboriau.
260 _aParis :
_bE. Dentu,
_c1871 (
_fImp. Simon Raçon et Comp.)
300 _a[4], 564 p. ;
_c19 cm.
852 _aES-MaACL
_jD-2658
999 _c54760
_d54760